logo

Bir Sreshtho Munshi Abdur Rouf Library
Jhenaidah Cadet College

খালিকুজ্জামান ইলিয়াস রচনাসমগ্র ৪ / (Record no. 1512)

MARC details
000 -LEADER
fixed length control field 00856nam a2200241 a 4500
001 - CONTROL NUMBER
JCCL Control Number 1512
003 - CONTROL NUMBER IDENTIFIER
JCCL marc code BD-JhCC
005 - DATE AND TIME OF LATEST TRANSACTION
control field 20171021122037.0
008 - FIXED-LENGTH DATA ELEMENTS--GENERAL INFORMATION
fixed length control field 171021s2007 bg |||| |||| 001 0 ben d
020 ## - INTERNATIONAL STANDARD BOOK NUMBER
International Standard Book Number 9844104173
035 ## - SYSTEM CONTROL NUMBER
system control number (BD-JhCC)1512
040 ## - CATALOGING SOURCE
Original cataloging agency BD-JhCC
Modifying agency BD-JhCC
041 ## - LANGUAGE CODE
Language code of Book ben
082 ## - DEWEY DECIMAL CLASSIFICATION NUMBER
Classification number 891.4435
Author mark and Year AKH 2007
100 ## - MAIN ENTRY--PERSONAL NAME
Personal name
245 ## - TITLE STATEMENT
Title খালিকুজ্জামান ইলিয়াস রচনাসমগ্র ৪ /
Statement of responsibility, etc খালিকুজ্জামান ইলিয়াস (সম্পা.)
260 ## - PUBLICATION, DISTRIBUTION, ETC. (IMPRINT)
Place of publication, distribution, etc ঢাকা :
Name of publisher, distributor, etc মাওলা ব্রাদার্স,
Date of publication, distribution, etc ২০০৭.
300 ## - PHYSICAL DESCRIPTION
Pagination ২৩৮ পৃ . :
Dimensions ২১ সেমি.
650 ## - SUBJECT ADDED ENTRY--TOPICAL TERM
Topical term or geographic name as entry element collection Short stories, Bengali
700 ## - ADDED ENTRY--PERSONAL NAME
Personal name ইলিয়াস,খালিকুজ্জামান
942 ## - ADDED ENTRY ELEMENTS (KOHA)
Source of classification or shelving scheme Dewey Decimal Classification
Koha item type Books
Holdings
Source of classification or shelving scheme Damaged status Not for loan Home library Current library Shelving location Date of accession Source of acquisition Cost, normal purchase price Total Checkouts Full call number Barcode Date last seen Copy number Koha item type
Dewey Decimal Classification     JCC Rouf Library JCC Rouf Library General Stacks 10/21/2017 Zahedee Foundation 200.00   891.4435 ELL 2007 2387 10/21/2017 C-1 Books

JCC Library | Contacts | JCC Home

Last Update on 23 September 2017
Copyright @ 2017-2020 JCC Rouf Library
Rouf Library, Jhenidah Cadet College (JCC), Bangladesh